[Event "ch-SCO"]
[Site "Edinburgh SCO"]
[Date "2009.07.11"]
[Round "1"]
[White "Mitchell,M"]
[Black "McNab,C"]
[Result "1/2-1/2"]
[WhiteElo "2147"]
[BlackElo "2474"]

1.d4 d6 2.Nf3 g6 3.c4 Bg7 4.Nc3 Nd7 5.e4 e5 6.Be2 Ngf6 7.O-O O-O 8.Be3 Re8
9.Qc2 exd4 10.Nxd4 c6 11.Rad1 a5 12.f3 Qe7 13.Rfe1 Nc5 14.b3 Nh5 15.Bf1 Qf8
16.g3 f5 17.exf5 gxf5 18.Bf2 Bd7 19.Bh3 f4 20.Bxd7 Rxe1+ 21.Rxe1 fxg3 22.hxg3 Nxd7
23.Nf5 Ne5 24.Qe4 Re8 25.f4 Nf6 26.Qe2 Neg4 27.Qf3 Nxf2 28.Kxf2 Rxe1 29.Kxe1 Qe8+
30.Kf1 Qe6 31.Qd3 Nh5 32.Ne2 Bf8 33.Kg2 Nf6 34.Ned4 Qe8 35.Qe3 Qxe3 36.Nxe3 Kf7
37.g4 d5 38.cxd5 cxd5 39.Kf3 Bc5 40.Nef5  1/2-1/2

[Event "ch-SCO"]
[Site "Edinburgh SCO"]
[Date "2009.07.11"]
[Round "1"]
[White "Masters,A"]
[Black "Montgomery,R"]
[Result "1/2-1/2"]
[WhiteElo "1808"]
[BlackElo "1944"]

1.d4 Nf6 2.Nf3 g6 3.c4 Bg7 4.Nc3 O-O 5.e4 d6 6.Be2 e5 7.d5 Nbd7 8.O-O Nc5
9.Qc2 a5 10.Be3 Ng4 11.Bxc5 dxc5 12.h3 Nh6 13.Qd2 f5 14.Rad1 fxe4 15.Nxe4 Nf5
16.Nxc5 Nd6 17.Bd3 b6 18.Ne4 Bxh3 19.Nxe5 Bxe5 20.gxh3 Qh4 21.Qg5 Qxg5+ 22.Nxg5 Bxb2
23.Ne6 Rf7 24.Rd2 Bc3 25.Rc2 Bb4 26.Kg2 Rc8 27.Nd4 Nb7 28.Re2 Bd6 29.Rfe1 Nc5
30.Re8+ Rxe8 31.Rxe8+ Rf8 32.Rxf8+ Kxf8 33.Bc2 Kf7 34.Kf3 Nd7 35.Ke3 Ne5
36.Bd3 Nxd3 37.Kxd3 Bc5 38.Nb5 Bxf2 39.Nxc7 Ke7 40.Ke4 h6 41.Ne6 Kd6 42.Nf4 Bc5
43.Nd3  1/2-1/2

[Event "LTC Open A"]
[Site "Leiden NED"]
[Date "2009.07.11"]
[Round "2"]
[White "Van Halderen,H"]
[Black "Naroditsky,D"]
[Result "1-0"]
[WhiteElo "2133"]
[BlackElo "2356"]

1.c4 g6 2.Nc3 Bg7 3.d4 Nf6 4.e4 d6 5.Be2 O-O 6.Nf3 Na6 7.O-O e5 8.Be3 Ng4
9.Bg5 Qe8 10.h3 Nf6 11.dxe5 dxe5 12.Nd5 Nxe4 13.Be7 c6 14.Bxf8 Qxf8 15.Ne3 Be6
16.Qc2 f5 17.a3 Qf6 18.b4 Ng5 19.Nxg5 Qxg5 20.Rad1 f4 21.Bg4 Bf7 22.Rd7 h5
23.h4 Qxh4 24.Bh3 Qg5 25.Nd1 f3 26.Ne3 fxg2 27.Nxg2 Qf6 28.Rfd1 e4 29.Qxe4 Re8
30.Qd3 Bf8 31.Rxb7 Nb8 32.Qg3 Na6 33.Rxa7 Bxc4 34.Qf4 Qxf4 35.Nxf4 c5 36.b5 Nb8
37.a4 Bh6 38.Nd5 Bg5 39.Rb7 Bb3 40.Nc7  1-0

[Event "ch-BEL Expert"]
[Site "Namur BEL"]
[Date "2009.07.11"]
[Round "8"]
[White "Vandevoort,P"]
[Black "Laurent,B"]
[Result "1/2-1/2"]
[WhiteElo "2358"]
[BlackElo "2339"]

1.Nf3 Nf6 2.d4 g6 3.c4 Bg7 4.Nc3 O-O 5.e4 d6 6.Be2 e5 7.d5 a5 8.Bg5 Na6 9.Nd2 h6
10.Bh4 Qe8 11.a3 Bd7 12.b3 Nb8  1/2-1/2

[Event "ch-BEL Expert"]
[Site "Namur BEL"]
[Date "2009.07.11"]
[Round "8"]
[White "Van der Stricht,G"]
[Black "Sarrau,J"]
[Result "1-0"]
[WhiteElo "2390"]
[BlackElo "2229"]

1.d4 Nf6 2.c4 g6 3.Nc3 Bg7 4.e4 d6 5.Be2 O-O 6.Nf3 e5 7.O-O Na6 8.Be3 Ng4
9.Bg5 f6 10.Bc1 Nh6 11.Rb1 Nf7 12.dxe5 dxe5 13.b4 Qxd1 14.Rxd1 Re8 15.c5 c6
16.Be3 Nc7 17.Nd2 Ne6 18.Nb3 f5 19.f3 f4 20.Bf2 g5 21.Bc4 h5 22.b5 Kf8 23.bxc6 bxc6
24.Na5 Nfd8 25.Rd6 Nd4 26.Ne2 Nxe2+ 27.Bxe2 Be6 28.Nxc6 Nxc6 29.Rxc6 Bxa2
30.Ra1 Be6 31.Rca6 Re7 32.c6 Bc8 33.Bc5 Bxa6 34.Bxa6 Bf6 35.c7  1-0

[Event "32nd Aegean Open"]
[Site "Aghios Kirykos GRE"]
[Date "2009.07.12"]
[Round "2"]
[White "Srebrnic,A"]
[Black "Vorobiov,E"]
[Result "0-1"]
[WhiteElo "2262"]
[BlackElo "2598"]

1.Nf3 Nf6 2.c4 g6 3.Nc3 Bg7 4.e4 d6 5.d4 O-O 6.Be2 Nbd7 7.O-O e5 8.Qc2 Qe7
9.Rd1 c6 10.d5 c5 11.Ne1 Ne8 12.a3 f5 13.b4 b6 14.Rb1 Ndf6 15.f3 Nh5 16.g3 Nef6
17.bxc5 bxc5 18.Be3 f4 19.Bf2 fxg3 20.hxg3 Bh6 21.Ng2 Qd7 22.Bf1 Qe7 23.Rb2 Nd7
24.Qd3 Nb6 25.Nb5 Bh3 26.Rdb1 Na4 27.Rb3 Rf7 28.Nc3 Nb6 29.Nb5 Raf8 30.Qd1 Na4
31.Kh2 Bc8 32.Rd3 Nb6 33.Qb3 Na8 34.a4 Nf6 35.Be3 Bxe3 36.Nxe3 Nh5 37.Bg2 a6
38.Nc3 Qg5 39.Ne2 Nxg3 40.Nxg3 Qh4+ 41.Kg1 Qxg3 42.Nf1 Qg5 43.a5 Nc7 44.Qc3 Ne8
45.Qd2 Qe7 46.Rb6 Ng7 47.Ng3 Rf4 48.Qf2 h5 49.Ne2 R4f7 50.Qg3 g5 51.Bh3 g4
52.fxg4 hxg4 53.Bg2 Nh5 54.Qe1 Nf4 55.Rdb3 Rh7 56.Rb8 Qh4  0-1

[Event "XXIX Open"]
[Site "Benasque ESP"]
[Date "2009.07.12"]
[Round "11"]
[White "Iturrizaga,E"]
[Black "Garza Marco,S"]
[Result "1/2-1/2"]
[WhiteElo "2555"]
[BlackElo "2436"]

1.d4 d6 2.Nf3 g6 3.c4 Bg7 4.Nc3 Nf6 5.e4 O-O 6.Be2 Na6 7.O-O e5 8.Be3 Ng4
9.Bg5 Qe8 10.dxe5 dxe5 11.Qc1 c6 12.Rd1 f6 13.Bd2 f5 14.h3 Nf6 15.exf5 gxf5
16.Bh6 e4 17.Nd4 Bxh6 18.Qxh6 Qg6 19.Qf4 Kh8 20.g3 Bd7 21.Rd2 Rae8 22.Nc2 Nc5
23.Ne3 Bc8 24.b4 Ne6 25.Qxf5 Qg7 26.Qa5 Ng5 27.Kf1 Nxh3 28.Ncd1 Nd5 29.cxd5 Qxg3
30.Ke1 Nxf2 31.Nxf2 Qxf2+ 32.Kd1 Qg1+ 33.Kc2 Qxa1 34.d6 Qg7 35.Qxa7 Be6 36.d7 Bxd7
37.Qxb7 Be6 38.Qxg7+ Kxg7 39.Kb2 Kf6 40.Rd6 Ke5 41.Rxc6 Rc8 42.Rxc8 Rxc8
43.a4 Kf4 44.Nc2 Bc4 45.Bxc4 Rxc4 46.a5 e3 47.a6 e2 48.a7 Rxc2+ 49.Kxc2 e1=Q
50.a8=Q Qxb4 51.Kd3 Qb5+ 52.Kd2  1/2-1/2

[Event "Canadian Open"]
[Site "Edmonton CAN"]
[Date "2009.07.12"]
[Round "2"]
[White "Perelshteyn,E"]
[Black "Me,K"]
[Result "1-0"]
[WhiteElo "2534"]
[BlackElo "2145"]

1.d4 Nf6 2.c4 g6 3.Nc3 Bg7 4.e4 d6 5.Nf3 O-O 6.Be2 e5 7.Be3 Ng4 8.Bg5 f6
9.Bh4 g5 10.Bg3 Nh6 11.d5 f5 12.exf5 Nxf5 13.Nd2 Nd7 14.Nde4 h6 15.O-O Nf6
16.Bd3 Nxe4 17.Nxe4 Qe7 18.Re1 Qf7 19.f3 Ne7 20.Rc1 Rd8 21.h4 Bf5 22.hxg5 Bxe4
23.Bxe4 hxg5 24.Qd3 Bf6 25.Kf2 Kg7 26.Rh1 Rh8 27.c5 Rxh1 28.Rxh1 Rh8 29.Rxh8 Kxh8
30.Qb5 c6 31.Qxb7 cxd5 32.cxd6 dxe4 33.dxe7 Bxe7 34.Bxe5+ Kg8 35.Qa8+ Bf8
36.Bd6 e3+ 37.Ke1  1-0

[Event "ch-SUI"]
[Site "Graechen SUI"]
[Date "2009.07.12"]
[Round "4"]
[White "Huss,A"]
[Black "Moehn,H"]
[Result "1-0"]
[WhiteElo "2330"]
[BlackElo "1958"]

1.d4 Nf6 2.Nf3 g6 3.c4 Bg7 4.Nc3 O-O 5.e4 d6 6.Be2 e5 7.d5 Nbd7 8.Bg5 h6
9.Bh4 g5 10.Bg3 Nh5 11.h4 g4 12.Nd2 f5 13.exf5 Nxg3 14.fxg3 Nf6 15.O-O h5
16.Bd3 e4 17.Ndxe4 Nxe4 18.Bxe4 Qe7 19.Qd3 Bd7 20.Rae1 Qf6 21.Kh2 Rae8 22.Qd2 Qh6
23.Qc2 Qf6 24.Qf2 a6 25.c5 Bb5 26.Nxb5 axb5 27.c6 bxc6 28.dxc6 Re5 29.Qd2 Qf7
30.b4 Ra8 31.Bb1 Ra3 32.f6 Rxe1 33.Qxe1 Bf8 34.Qc1  1-0

[Event "12th Open"]
[Site "Malaga ESP"]
[Date "2009.07.12"]
[Round "3"]
[White "Perez Pardo,J"]
[Black "Tratar,M"]
[Result "1/2-1/2"]
[WhiteElo "2280"]
[BlackElo "2494"]

1.d4 g6 2.Nf3 Bg7 3.c4 d6 4.Nc3 Nf6 5.e4 O-O 6.Be2 Nbd7 7.O-O e5 8.Rb1 Re8
9.dxe5 dxe5 10.b4 a5 11.a3 axb4 12.axb4 Nf8 13.Qb3 Bg4 14.Rd1 Qc8 15.c5 c6
16.Ng5 Qc7 17.f3 Be6 18.Bc4 Bxc4 19.Qxc4 h6 20.Nh3 Ne6 21.Be3 Red8 22.Nf2 Rxd1+  1/2-1/2

[Event "Open"]
[Site "Condom FRA"]
[Date "2009.07.13"]
[Round "3"]
[White "Popa,Ma"]
[Black "Roques,O"]
[Result "1-0"]
[WhiteElo "1918"]
[BlackElo "1820"]

1.d4 Nf6 2.c4 g6 3.Nc3 Bg7 4.e4 d6 5.Nf3 Nbd7 6.Be2 O-O 7.O-O e5 8.Be3 h6
9.h3 Nh5 10.Qd2 Kh7 11.Rad1 f5 12.dxe5 dxe5 13.exf5 Rxf5 14.g4 Rxf3 15.Bxf3 Nhf6
16.Ne4 Nxe4 17.Bxe4 Qh4 18.Bg2 Nf6 19.f4 exf4 20.Bxf4  1-0

[Event "ch-SCO"]
[Site "Edinburgh SCO"]
[Date "2009.07.13"]
[Round "3"]
[White "Masters,A"]
[Black "Rocks,D"]
[Result "1/2-1/2"]
[WhiteElo "1808"]
[BlackElo "2037"]

1.d4 Nf6 2.Nf3 g6 3.c4 Bg7 4.Nc3 O-O 5.e4 d6 6.Be2 e5 7.d5 Na6 8.O-O Nh5
9.Bd3 Nc5 10.Bg5 f6 11.Be3 Nxd3 12.Qxd3 f5 13.Bg5 Nf6 14.Rae1 h6 15.Bc1 fxe4
16.Nxe4 Nxe4 17.Qxe4 Bf5 18.Qe3 Kh7 19.Nd2 b6 20.f3 Qc8 21.g4 Bd7 22.Ne4 Qa6
23.b3 Rad8 24.Re2 Rf7 25.h4 Rdf8 26.Rg2 b5 27.Qd3 bxc4 28.bxc4 Kg8 29.Ng3 Be8
30.h5 g5 31.Ne4 Bf6 32.Rb2 Be7 33.Be3 Rxf3 34.Rxf3 Rxf3 35.Kg2 Rf8 36.Ng3 Bf6
37.Nf5 e4 38.Qxe4 Bxb2 39.Qe6+ Bf7 40.Qxh6 Re8 41.Qxg5+ Kf8 42.Qh6+ Kg8 43.Qg5+ Kf8
44.Qh6+ Kg8 45.Qg5+  1/2-1/2

[Event "LTC Open A"]
[Site "Leiden NED"]
[Date "2009.07.13"]
[Round "4"]
[White "Shyam,SM"]
[Black "Vovk,A"]
[Result "1/2-1/2"]
[WhiteElo "2415"]
[BlackElo "2506"]

1.d4 Nf6 2.Nf3 g6 3.c4 Bg7 4.Nc3 O-O 5.e4 d6 6.Be2 e5 7.O-O Na6 8.Be3 c6
9.dxe5 dxe5 10.Qxd8 Rxd8 11.h3 Re8 12.Rfd1 Bf8 13.Bd3 Nc5 14.Bc2 a5 15.Rd2 Nfd7
16.Rad1 f6 17.a3 a4 18.Ne1 Nb6 19.Nd3 Ncd7 20.Re2 Nxc4 21.Bxa4 Nxe3 22.Bb3+ Kg7
23.Rxe3 Nb6 24.Re2 Be6 25.Bxe6 Rxe6 26.Nc1 Nc4 27.Nb3 Rd6 28.Rxd6 Bxd6 29.Rc2 Kf7
30.Nd1 Nb6 31.Ne3 Na4 32.Kf1 Ke6 33.Ke2 Ra6 34.Nc4 Be7 35.g3 b5 36.Ne3 f5
37.exf5+ gxf5 38.g4 f4 39.Nf5 Bf8 40.Kf3 c5 41.Nd2 c4 42.Ne4 Nxb2 43.Rxb2 Rxa3+
44.Ke2 b4 45.Rc2 Ra6  1/2-1/2

[Event "32nd Aegean Open"]
[Site "Aghios Kirykos GRE"]
[Date "2009.07.14"]
[Round "4"]
[White "Markus,Rob"]
[Black "Koepke,C"]
[Result "1-0"]
[WhiteElo "2587"]
[BlackElo "2374"]

1.Nf3 Nf6 2.c4 g6 3.Nc3 Bg7 4.e4 d6 5.d4 O-O 6.Be2 e5 7.d5 a5 8.h3 Na6 9.Bg5 h6
10.Be3 Nh5 11.Nd2 Nf4 12.Bf1 f5 13.g3 Nd3+ 14.Bxd3 f4 15.Qe2 fxe3 16.Qxe3 Qf6
17.Be2 Nc5 18.Nb3 b6 19.Nxc5 bxc5 20.Bg4 h5 21.Bxc8 Raxc8 22.O-O Kh7 23.Kg2 Bh6
24.Qe2 Rf7 25.Rad1 Rcf8 26.Rd3 h4 27.g4 Ra8 28.Rf3 Bf4 29.Nb5 Qd8 30.Rd1 Qd7
31.Rdd3 Rff8 32.Rb3 Ra6 33.Na3 Rb6 34.Rb5 Rfb8 35.Rfb3 Qc8 36.Qe1 a4 37.Rxb6 cxb6
38.Rf3 Qa6 39.Nb5 Rd8 40.Ra3  1-0

[Event "ch-SCO"]
[Site "Edinburgh SCO"]
[Date "2009.07.14"]
[Round "4"]
[White "Morrison,G SCO"]
[Black "Arakhamia,K"]
[Result "1/2-1/2"]
[WhiteElo "2366"]
[BlackElo "2506"]

1.d4 Nf6 2.c4 g6 3.Nc3 Bg7 4.e4 d6 5.Nf3 O-O 6.Be2 Nbd7 7.O-O e5 8.Qc2 c6
9.Rd1 Qe7 10.d5 c5 11.Bg5 h6 12.Bd2 Ne8 13.g3 f5 14.Nh4 Qf7 15.exf5 gxf5
16.f4 e4 17.Be3 Ndf6 18.Rab1 h5 19.h3 Kh8 20.Kh2 Rg8 21.Rh1 Bf8 22.Rbg1 Be7
23.Qd1 Bd7 24.Rg2 b6 25.Kg1 Nc7 26.Kf1 Rg7 27.Ke1 Rag8 28.Rhg1 b5 29.Kf1 bxc4
30.Bxc4 Na8 31.b3 Nb6 32.Bc1 Nxc4 33.bxc4 Rb8 34.a3 Ne8 35.Rb2 Rxb2 36.Bxb2 Bf6
37.Qb3 Bd4 38.Ne2 Bxb2 39.Qxb2 Bc8 40.Ng2 Qb7 41.Qc3  1/2-1/2

[Event "ch-SCO"]
[Site "Edinburgh SCO"]
[Date "2009.07.14"]
[Round "4"]
[White "Foord,D"]
[Black "Gourlay,I"]
[Result "0-1"]
[WhiteElo "2069"]
[BlackElo "2349"]

1.d4 Nf6 2.c4 g6 3.Nc3 Bg7 4.e4 O-O 5.Nf3 d6 6.Be2 Nbd7 7.O-O e5 8.Re1 c6
9.Bf1 Ng4 10.d5 c5 11.h3 Nh6 12.Rb1 f6 13.Be3 Nf7 14.Qc1 f5 15.g3 f4 16.gxf4 exf4
17.Bxf4 Nde5 18.Nh2 g5 19.Bg3 h5 20.f3 Qf6 21.Qe3 Bh6 22.Qe2 Nh8 23.Bg2 Nhg6
24.Rf1 h4 25.Ng4 Bxg4 26.fxg4 Nf4 27.Bxf4 gxf4 28.Bf3 Nf7 29.a3 Rae8 30.Nb5 Bg7
31.Kg2 Ng5 32.Nc3 Qg6 33.Rbe1 Re7 34.Qd3 Rfe8 35.Rf2 Nf7 36.Nd1 Bd4 37.Rfe2 Ne5
38.Qc2 Qf6 39.b3 a6 40.a4 Rf7 41.a5 Qd8 42.Qb1 Rfe7 43.Ra2 Nf7 44.Qc2 Ng5
45.Qd3 Re5 46.Qb1 b6 47.b4 cxb4 48.Qxb4 Nxe4 49.Bxe4 f3+ 50.Kxf3 Qf6+  0-1

[Event "LTC Open A"]
[Site "Leiden NED"]
[Date "2009.07.14"]
[Round "5"]
[White "Naroditsky,D"]
[Black "Vovk,Y"]
[Result "1-0"]
[WhiteElo "2356"]
[BlackElo "2567"]

1.Nf3 Nf6 2.c4 g6 3.Nc3 Bg7 4.e4 d6 5.d4 O-O 6.Be2 e5 7.O-O Nbd7 8.Be3 Re8
9.d5 Nh5 10.g3 Bf8 11.Ne1 Ng7 12.Ng2 f5 13.exf5 Nxf5 14.Ne4 Be7 15.f3 Nf6
16.Bf2 Bf8 17.Bd3 Bh6 18.g4 Nxe4 19.Bxe4 Ne7 20.Qd3 Rf8 21.Bg3 Rf7 22.Qe2 Qf8
23.Rad1 Bd7 24.c5 a6 25.Qc2 Re8 26.Qb3 dxc5 27.Bxe5 Nc8 28.Bxc7 Nd6 29.Bxd6 Qxd6
30.Qc2 b5 31.Rfe1 Bg7 32.b3 Be5 33.Ne3 Ref8 34.Qg2 Kh8 35.Kh1 Rc8 36.Rc1 Qf6
37.d6 Qxd6 38.Rcd1 Qf8 39.Nd5 Bd4 40.b4 Rd8 41.bxc5 Qxc5 42.Qd2 Bg7 43.Qg5 Re8
44.Qh4 Kg8 45.g5 Be6 46.Rc1 Qa3 47.Nf6+ Bxf6 48.gxf6 Ref8 49.Rc6 Bxa2 50.Qg5 Re8
51.Re3 Qf8 52.Bxg6 hxg6 53.Qxg6+ Kh8 54.Rc5  1-0

[Event "Diputacion Foral de Gipuzkoa"]
[Site "Donostia ESP"]
[Date "2009.07.15"]
[Round "8"]
[White "Sachdev,T"]
[Black "Ionica,I"]
[Result "1-0"]
[WhiteElo "2410"]
[BlackElo "2263"]

1.d4 Nf6 2.c4 g6 3.Nc3 Bg7 4.e4 d6 5.Be2 O-O 6.Nf3 e5 7.O-O Na6 8.Be3 Ng4
9.Bg5 f6 10.Bc1 Qe8 11.c5 exd4 12.Nxd4 dxc5 13.Nb3 Ne5 14.Qd5+ Kh8 15.Bxa6 c6
16.Qxc5 bxa6 17.Rd1 Rf7 18.f3 Be6 19.Qa5 f5 20.Nc5 Nc4 21.Qxa6 fxe4 22.N3xe4 Bd5
23.Rb1 Qe7 24.b3 Nd6 25.Nxd6 Qxd6 26.Ne4 Qe7 27.Ba3 Qh4 28.Ng3 Bd4+ 29.Kh1 Bf2
30.Bd6 Re8 31.Rd2 Rxf3 32.Rxd5 Rxg3 33.Be5+ Rxe5 34.Rxe5 Rc3 35.Qc8+ Kg7
36.Qd7+ Kh6 37.Qd2+  1-0

[Event "ch-SCO"]
[Site "Edinburgh SCO"]
[Date "2009.07.15"]
[Round "5"]
[White "Zhang,F"]
[Black "White,Mi"]
[Result "0-1"]
[WhiteElo "2058"]
[BlackElo "2259"]

1.d4 Nf6 2.c4 g6 3.Nc3 Bg7 4.e4 d6 5.Nf3 O-O 6.Be2 Nbd7 7.O-O e5 8.dxe5 dxe5
9.Bg5 h6 10.Bxf6 Qxf6 11.Nd5 Qd8 12.Qc2 c6 13.Ne3 Qe7 14.Rad1 a5 15.a3 a4
16.Nd2 Nc5 17.Rfe1 f5 18.Nb1 Nxe4 19.f3 Nc5 20.Nc3 Nb3 21.Qd3 Nd4 22.Bf1 Be6
23.Qb1 Qf7 24.Kh1 g5 25.Rd2 h5 26.Bd3 g4 27.Rf2 gxf3 28.gxf3 Kh8 29.Rg1 Bh6
30.Ng2 Rg8 31.Qd1 Rg7 32.f4 Rag8 33.Rgf1 e4 34.Bxe4 Bxc4 35.Re1 Nb5 36.Bf3 Nxc3
37.bxc3 Bd5 38.Bxd5 cxd5 39.Qxa4 Qg6 40.Qd1 Qf7 41.Re5 h4 42.Nxh4 Qh5 43.Nf3 Bxf4
44.Rxd5 Be3 45.Rf1 Qxf3+  0-1

[Event "TCh Eur-Youth U18"]
[Site "Pardubice CZE"]
[Date "2009.07.16"]
[Round "1"]
[White "Aydogdu,E"]
[Black "Hajbok,R"]
[Result "0-1"]
[WhiteElo "1998"]
[BlackElo "2274"]

1.d4 Nf6 2.Nf3 g6 3.c4 Bg7 4.Nc3 O-O 5.e4 d6 6.Be2 Nbd7 7.O-O e5 8.Qc2 c6
9.Rd1 Qe7 10.b3 Re8 11.dxe5 dxe5 12.a4 a5 13.Ba3 Nc5 14.Ne1 Bf8 15.Nd3 b6
16.Qd2 Qb7 17.Nxc5 Bxc5 18.Bxc5 bxc5 19.Qd6 Nd7 20.Bg4 Nf8 21.Bxc8 Raxc8
22.Qxc5 Qxb3 23.Rd3 Ne6 24.Qxe5 Qxc4 25.Rad1 Nc5 26.Qd4 Qb4 27.Re3 Rb8 28.h4 Qxd4
29.Rxd4 Rb4 30.Rd6 Nxa4 31.Rxc6 Nxc3 32.Rexc3 Rbxe4 33.Ra6 Rxh4 34.g3 Rh5
35.Ra3 Ree5 36.Kg2 Rb5 37.Ra7 Rhg5 38.Ra4 h5 39.Kh3 Kg7 40.Rc4 Rgc5 41.Ra4 g5
42.Kg2 Kg6 43.Rd4 Rd5 44.Ra4 Rb2 45.Ra6+ f6 46.g4 hxg4 47.Rxg4 Rf5  0-1

[Event "ch-SCO"]
[Site "Edinburgh SCO"]
[Date "2009.07.17"]
[Round "7"]
[White "Markos,J"]
[Black "McNab,C"]
[Result "1/2-1/2"]
[WhiteElo "2555"]
[BlackElo "2474"]

1.d4 d6 2.Nf3 g6 3.c4 Nd7 4.e4 e5 5.Nc3 Bg7 6.Be2 Ngf6 7.O-O O-O 8.Be3 Re8
9.dxe5 dxe5 10.b4 c6 11.c5 Qe7 12.Nd2 Nf8 13.Nc4 Rd8 14.Qa4 Ne6 15.Nb6 axb6
16.Qxa8 Nd4 17.Qa7 bxc5 18.Qxc5 Qc7 19.Bg5 b6 20.Qc4 Be6 21.Qa6 b5 22.Rfc1 h6
23.Bxf6 Bxf6 24.Bf1 Bg5 25.Nxb5 Qd7 26.Nxd4 Qxd4 27.Re1 Bd2 28.Rad1 Qc3 29.Re3 Qxe3
30.fxe3 Bxe3+ 31.Kh1 Rxd1 32.h3 Rc1 33.Kh2 Rc2 34.a4 Bf4+ 35.Kh1 Rc1 36.a5 Bc4
37.Qxc4 Rxc4 38.Bxc4 Kf8 39.g3 Bd2 40.a6 Be3 41.Kg2 Ke7 42.Kf3 Bb6 43.Ke2 Ba7
44.h4 g5 45.h5 Bb6 46.Kf3 Ba7 47.Bb3 Bb6 48.Ke2 c5 49.b5 c4 50.Bxc4 Ba7 51.Kd3 Bb6
52.Bb3 Ba7 53.Bd5 Kd6 54.Bxf7 Bb6 55.Kc4 Ba7 56.Kb4 Bb6 57.Bb3 Kc7 58.Bd1  1/2-1/2

[Event "XXVII Andorra Open"]
[Site "Arinsal AND"]
[Date "2009.07.18"]
[Round "1"]
[White "Peralta,Fe"]
[Black "Alvarez Fernandez,JM"]
[Result "1-0"]
[WhiteElo "2545"]
[BlackElo "1717"]

1.d4 Nf6 2.c4 g6 3.Nc3 d6 4.e4 Bg7 5.Nf3 O-O 6.Be2 e5 7.Be3 Nc6 8.d5 Ne7
9.Nd2 Ne8 10.c5 f5 11.f3 f4 12.Bf2 g5 13.Nc4 Rf7 14.a4 Ng6 15.cxd6 cxd6 16.Nb5 b6
17.a5 Ba6 18.Qa4 Bxb5 19.Qxb5 Nc7 20.Qc6 b5 21.Nxd6 Rf6 22.Nb7 Rxc6 23.Nxd8 Rc2
24.Nc6 Bf8 25.Rb1 Bc5 26.Kd1 Bxf2 27.Kxc2 a6 28.Rhd1 Kf7 29.d6 Ne6 30.d7 Nd8
31.Rd6 Nxc6 32.Rxc6 Rd8 33.Rxa6 Rxd7 34.Bxb5 Rc7+ 35.Rc6  1-0

[Event "ch-SCO"]
[Site "Edinburgh SCO"]
[Date "2009.07.18"]
[Round "8"]
[White "Lunn,M"]
[Black "Martin,K"]
[Result "1/2-1/2"]
[WhiteElo "1928"]
[BlackElo "1906"]

1.d4 Nf6 2.c4 g6 3.Nc3 Bg7 4.Nf3 O-O 5.e4 d6 6.Be2 Na6 7.O-O e5 8.Be3 exd4
9.Nxd4 Re8 10.f3 c6 11.Nc2 Qe7 12.Qd2  1/2-1/2

[Event "Canadian Open"]
[Site "Edmonton CAN"]
[Date "2009.07.18"]
[Round "8"]
[White "Zhao Xue"]
[Black "Melekhina,A"]
[Result "1-0"]
[WhiteElo "2544"]
[BlackElo "2270"]

1.d4 Nf6 2.c4 g6 3.Nc3 Bg7 4.e4 d6 5.Nf3 O-O 6.Be2 e5 7.Be3 Na6 8.O-O Ng4
9.Bg5 Qe8 10.Re1 h6 11.Bh4 Nf6 12.dxe5 dxe5 13.Nd2 c6 14.a3 Nc7 15.b4 Ne6
16.c5 Nd4 17.Nc4 Qe6 18.Bg3 Nh5 19.Nd6 Nxg3 20.hxg3 Qe7 21.Bc4 Be6 22.Ne2 b5
23.Nxd4 exd4 24.Bxe6 Qxe6 25.e5 f6 26.Qxd4 fxe5 27.Qe4 Qf6 28.Ra2 Qe6 29.Rd2 Qb3
30.Re3 Qe6 31.Qxc6 a5 32.Qe4 axb4 33.Qxb4 Rfb8 34.Nxb5 Qa6 35.Rb3 Qa4 36.c6 Qxb4
37.Rxb4 Bf8 38.Rb3 Rc8 39.c7 Bc5 40.Rd5 Bd4 41.Nxd4 exd4 42.Rd7 Re8 43.Rd3 Kf8
44.R3xd4 Rxa3 45.Rd8 Ra8 46.Rxa8  1-0

[Event "Open"]
[Site "Rethymno GRE"]
[Date "2009.07.18"]
[Round "8"]
[White "Antic,De"]
[Black "Markidis,K"]
[Result "1/2-1/2"]
[WhiteElo "2523"]
[BlackElo "2334"]

1.d4 Nf6 2.c4 g6 3.Nc3 Bg7 4.e4 d6 5.Nf3 O-O 6.Be2 e5 7.O-O Nbd7 8.Re1 Re8
9.Bf1 a6 10.d5 a5 11.Bg5 h6 12.Bh4 g5 13.Bg3 Nh5 14.Nd2 Nf4 15.f3 Nc5 16.Nb3 Bd7
17.Bf2 Bf8 18.Qc2 b6 19.Nd2 g4 20.fxg4 Bxg4 21.h3 Bd7 22.Kh2 Be7 23.g3 Nh5
24.Bg2 Kh8 25.Rf1 Rg8 26.Qd1 Ng7 27.Qe2 f5 28.exf5 Nxf5 29.Nde4 Nxe4 30.Nxe4 Qe8
31.Bf3 Qg6 32.Bh5 Qg7 33.Bg4 Raf8 34.Rad1 Bg5 35.Rd3 Nd4 36.Qd1 Bxg4 37.Qxg4 Qh7
38.Rxd4 Be3 39.Bxe3 Rxf1 40.Qe2 Rff8 41.Bg1 Qg6 42.Rd1 Rf7 43.Re1 Rff8 44.Kh1 Rf7
45.Bh2 Rgf8 46.Kg2 Rf3 47.g4 h5 48.Qxf3 Rxf3 49.Kxf3 hxg4+ 50.hxg4 Qf7+ 51.Ke3 Qd7
52.Bg3 Qa4 53.Bh4 Qxc4 54.Bf6+ Kh7 55.Kf3 Qxd5 56.Re3 Kg6 57.g5  1/2-1/2

[Event "Najdorf Mem Open"]
[Site "Warsaw POL"]
[Date "2009.07.18"]
[Round "1"]
[White "Staniszewski,Pi"]
[Black "Sowul,B"]
[Result "1-0"]
[WhiteElo "2383"]
[BlackElo "2081"]

1.d4 Nf6 2.c4 g6 3.Nc3 Bg7 4.e4 d6 5.Be2 O-O 6.Nf3 Na6 7.O-O e5 8.Be3 c6
9.dxe5 dxe5 10.Qxd8 Rxd8 11.Rfd1 Re8 12.Rab1 Ng4 13.Bd2 Nc5 14.b4 Ne6 15.h3 Nh6
16.Be3 f6 17.c5 Nf7 18.Bc4 Kf8 19.Nd2 f5 20.f3 Rd8 21.Nb3 Nd4 22.b5 Be6 23.Bxe6 Nxe6
24.Na5 Rxd1+ 25.Rxd1 Nfd8 26.Rd6 Ke8 27.bxc6 bxc6 28.Nxc6 Bf8 29.Nxd8 Bxd6
30.Nxe6 Kd7 31.exf5 gxf5 32.Ng7 f4 33.Bf2 Bf8 34.Nf5 Ke6 35.g4 Rd8 36.Ne4 Rd1+
37.Kg2 h6 38.c6 Rc1 39.Nxh6 Bxh6 40.Nc5+ Kd6 41.g5 Bf8 42.c7 Kxc7 43.Ne6+ Kd6
44.Nxf8 Rc8 45.Nh7 Rc2 46.a4 Ra2 47.g6 Ke6 48.h4 Rxa4 49.h5 Rc4 50.h6 Rc8
51.Bxa7 Kf5 52.g7 Kg6 53.Nf8+ Kf7 54.Nd7 Kg6 55.Bc5 Rg8 56.Bf8 Kxh6 57.Nf6 Rxg7+
58.Bxg7+ Kxg7 59.Ng4 Kg6 60.Nxe5+ Kg5 61.Nd3 Kf5 62.Kh2 Kg5 63.Kh3 Kf5 64.Kh4  1-0

[Event "XXVII Andorra Open"]
[Site "Arinsal AND"]
[Date "2009.07.19"]
[Round "2"]
[White "Zilberman,Y"]
[Black "Muratet Casadevall,A"]
[Result "1-0"]
[WhiteElo "2439"]
[BlackElo "2180"]

1.d4 Nf6 2.c4 g6 3.Nc3 Bg7 4.e4 d6 5.Be2 O-O 6.Nf3 e5 7.d5 a5 8.Bg5 Na6 9.Nd2 c6
10.O-O Nc5 11.b3 h6 12.Be3 Nfd7 13.a3 f5 14.f3 Nf6 15.b4 axb4 16.axb4 Rxa1
17.Qxa1 Ncd7 18.dxc6 bxc6 19.Rd1 Qc7 20.Qb1 f4 21.Bf2 Bb7 22.Nb3 Ra8 23.b5 c5
24.Rd2 Nf8 25.Nd5 Nxd5 26.exd5 Bc8 27.Bd3 Ra3 28.Ra2 Qa7 29.b6 Qa4 30.Rxa3 Qxa3
31.Nd2 Nd7 32.Bxg6 Qa5 33.Ne4 Nxb6 34.Nxd6 Bd7 35.Bh7+ Kf8 36.Nb7  1-0

[Event "Corporation Centre Cup"]
[Site "Izhevsk RUS"]
[Date "2009.07.19"]
[Round "5"]
[White "Dogodkina,J"]
[Black "Severiukhina,Z"]
[Result "0-1"]
[WhiteElo "2038"]
[BlackElo "2340"]

1.d4 Nf6 2.c4 g6 3.Nc3 Bg7 4.e4 d6 5.Nf3 O-O 6.Be2 e5 7.O-O Nbd7 8.d5 Nc5
9.Qc2 a5 10.Be3 Nfd7 11.Ne1 f5 12.f3 f4 13.Bf2 g5 14.Rb1 b6 15.a3 a4 16.Nd3 Nxd3
17.Bxd3 Nf6 18.Nxa4 g4 19.Nc3 Bh6 20.Bh4 Kh8 21.fxg4 Bxg4 22.Be2 Qd7 23.Bxf6+ Rxf6
24.Bxg4 Qxg4 25.Qe2 Qg7 26.Qf3 Rg6 27.Rf2 Bg5 28.Rc2 Bh4 29.Rf1 Rg8 30.b4 Qh6
31.Kh1 Rg3 32.Qe2 Re3 33.Qd2 Bg3 34.h3 f3 35.Nd1 fxg2+ 36.Qxg2 Bf4 37.Nxe3 Rxg2
38.Kxg2 Bxe3 39.Rf3 Qg6+  0-1

[Event "1st Artemis Cup"]
[Site "Leros GRE"]
[Date "2009.07.19"]
[Round "9"]
[White "Estremera Panos,S"]
[Black "Timoshenko,G"]
[Result "1/2-1/2"]
[WhiteElo "2394"]
[BlackElo "2556"]

1.d4 Nf6 2.c4 g6 3.Nc3 Bg7 4.e4 d6 5.Nf3 O-O 6.Be2 e5 7.d5 a5 8.Bg5 h6 9.Bh4 g5
10.Bg3 Nh5 11.h4 g4 12.Nd2 Nxg3 13.fxg3 h5 14.O-O Na6 15.Bd3 c6 16.Kh2 Qb6
17.Nb3 Nb4 18.dxc6 bxc6 19.c5 dxc5 20.Na4 Qd8 21.Bc4 Ra7 22.Qe2 Na6 23.Rad1 Qc7
24.Qd2 Qe7 25.a3  1/2-1/2

[Event "Open"]
[Site "Rethymno GRE"]
[Date "2009.07.19"]
[Round "9"]
[White "Ibrahimov,R"]
[Black "Dembo,Y"]
[Result "1/2-1/2"]
[WhiteElo "2543"]
[BlackElo "2466"]

1.Nf3 Nf6 2.c4 g6 3.Nc3 Bg7 4.e4 d6 5.d4 O-O 6.Be2 e5 7.Be3 Ng4 8.Bg5 f6
9.Bh4 Nc6 10.d5 Ne7 11.O-O h5 12.Ne1 Nh6 13.f3 f5 14.c5 fxe4 15.cxd6 cxd6
16.Nxe4 Nhf5 17.Bf2 Nd4 18.Bc4 b5 19.Bb3 a5 20.a3  1/2-1/2

[Event "Najdorf Mem Open"]
[Site "Warsaw POL"]
[Date "2009.07.19"]
[Round "2"]
[White "Goslawski,M"]
[Black "Galazewski,T"]
[Result "0-1"]
[WhiteElo "1990"]
[BlackElo "2239"]

1.Nf3 Nf6 2.c4 g6 3.Nc3 Bg7 4.d4 O-O 5.e4 d6 6.Be2 e5 7.O-O exd4 8.Nxd4 Re8
9.f3 c6 10.Kh1 Nbd7 11.Re1 Ne5 12.Bg5 h6 13.Bh4 Nfg4 14.Bg3 Ne3 15.Qa4 Nd7
16.Nxc6 bxc6 17.Qxc6 Rb8 18.Rac1 Rb6 19.Qa4 Rxb2 20.Qa3 Qb6 21.Bf2 Nxc4 22.Qxa7 Qxa7
23.Bxa7 Na3 24.Nd5 Bb7 25.Rc7 Bxd5 26.Rxd7 Bc3  0-1

[Event "XXVII Andorra Open"]
[Site "Arinsal AND"]
[Date "2009.07.20"]
[Round "3"]
[White "Karavade,E"]
[Black "Movsziszian,K"]
[Result "0-1"]
[WhiteElo "2386"]
[BlackElo "2570"]

1.d4 Nf6 2.c4 g6 3.Nc3 Bg7 4.e4 d6 5.Nf3 O-O 6.Be2 Nbd7 7.O-O e5 8.Be3 Re8
9.Qc2 exd4 10.Nxd4 c6 11.Rad1 a6 12.Rfe1 Qc7 13.Bf4 Ne5 14.h3 b5 15.cxb5 cxb5
16.Qb3 Rb8 17.Rc1 Qb7 18.Nd5 Nxd5 19.exd5 Bd7 20.Bf1 Rbc8 21.g3 Qb6 22.Be3 Nc4
23.Bxc4 Bxd4 24.Bxd4 Qxd4 25.Bf1 Rxc1 26.Rxc1 Re5 27.Rd1 Qc5 28.Qc3 Qxc3
29.bxc3 Re4 30.Rc1 Ra4 31.c4 b4 32.Rc2 a5 33.g4 Ra3 34.Kg2 g5 35.Rd2 Rc3
36.Re2 Kf8 37.Re3 Ba4 38.Kf3 Rc2 39.Re2 Rxc4 40.Re8+ Kxe8 41.Bxc4 Bc2 42.Ke3 Kd8
43.Kd4 Kc7 44.Bb5 Kb6 45.Be8 f6 46.Kc4 Bb1 47.Kb3 Kc5  0-1